000 01005cam a2200301 a 4500
005 20260322212056.0
008 data
010 _a 97050335
020 _a0811820343 (hc)
020 _a9780811820349 (hc)
040 _aDLC
_cDLC
_dDLC
050 0 0 _aSB321
_b.B74 1998
082 0 0 _a635
_221
092 _a635 B74 1998
100 1 _aBrennan, Georgeanne,
_d1943-
245 1 0 _aIn the French kitchen garden :
_bthe joys of cultivating a potager /
_cGeorgeanne Brennan.
260 _aSan Francisco, CA :
_bChronicle Books,
_cc1998.
300 _a119 p. :
_bcol. ill. ;
_c21 cm.
500 _aIncludes index.
650 0 _aVegetable gardening.
650 0 _aKitchen gardens.
650 0 _aHerb gardening.
650 0 _aCookery (Vegetables)
650 0 _aCookery (Herbs)
856 4 2 _3Publisher description
_uhttp://www.loc.gov/catdir/enhancements/fy0722/97050335-d.html
856 4 2 _3Contributor biographical information
_uhttp://www.loc.gov/catdir/enhancements/fy0738/97050335-b.html
001 data
999 _c1339
_d1339